| 000 | 00684nam a22002650a 4500 | ||
|---|---|---|---|
| 001 | PT292 | ||
| 003 | AR-LpoUNG | ||
| 005 | 20210131231529.0 | ||
| 008 | 191001s1982||||ag |||||||||||||||||spa d | ||
| 037 | _c$15 | ||
| 040 |
_aAR-LpoUNG _bspa _cAR-LpoUNG _eaacr |
||
| 041 | _aspa | ||
| 044 | _aag | ||
| 082 | 0 | _a982 456 | |
| 100 | 1 | _aRey Balmaceda, Raul | |
| 245 | 1 | 0 |
_aBuenos Aires : _buna capital cuestionada |
| 260 |
_aBuenos Aires : _bOikos - Tau, _c1982. |
||
| 300 |
_a318 p. : _bgráfs. |
||
| 650 | 4 | _aDESCENTRALIZACION | |
| 650 | 4 | _aDIVISIONES ADMINISTRATIVAS Y POLITICAS | |
| 650 | 4 | _aINVESTIGACION HISTORICA | |
| 651 | 4 | _aArgentina | |
| 905 | _a292 | ||
| 942 | _cLIB | ||
| 999 |
_c10539 _d10539 |
||